| 000 | 00580nam a22002057a 4500 | ||
|---|---|---|---|
| 001 | BD-DhSAU 3579 | ||
| 003 | BD-DhSAU | ||
| 005 | 20150208130312.0 | ||
| 008 | 150208b1970 ii a|||| |||| 001 0 eng d | ||
| 020 | _a0876920040 | ||
| 040 | _aBD-DhSAU | ||
| 082 |
_222 _a631.4 _bTAS |
||
| 245 |
_aSoil : _bTheir chemistry and fertility in tropical Asia / _cR. V. Tamhane [et.. al] |
||
| 260 |
_aNew delhi : _bPrentice-hall of india , _cc1970. |
||
| 300 |
_a475 p.: _bill. ; _c22 cm. |
||
| 504 | _aIncludes index | ||
| 590 | _aIMRAN | ||
| 650 | _aSoil science | ||
| 700 | _aTamhane, R. V. | ||
| 942 |
_2ddc _cBOOK |
||
| 999 |
_c3579 _d3579 |
||